[Event "POR-chT"]
[Site "Maia"]
[Date "2018.07.19"]
[Round "5.4"]
[White "Kaczur, Florian"]
[Black "Gomes, Rui Pedro"]
[Result "1-0"]
[WhiteElo "2471"]
[BlackElo "1750"]
[PlyCount "79"]
[EventDate "2018.07.16"]
[EventType "team-tourn"]
[EventRounds "9"]
[EventCountry "POR"]
[SourceTitle "CBM 185 Extra"]
[Source "ChessBase"]
[SourceDate "2018.07.29"]
[SourceVersion "1"]
[SourceVersionDate "2018.07.29"]
[SourceQuality "1"]
[WhiteTeam "Dias Ferreira"]
[BlackTeam "CX A2D"]
[WhiteTeamCountry "POR"]
[BlackTeamCountry "POR"]

1. e4 e5 2. Nf3 Nc6 3. Bb5 a6 4. Ba4 g6 5. 0-0 Bg7 6. c3 Nge7 7. d4 exd4 8. cxd4 b5 9. Bb3 0-0 10. Nc3 d6 11. h3 Na5 12. Bc2 c5 13. Bg5 h6 14. Bh4 g5 15. Bg3 Nc4 16. Rb1 Nc6 17. Ne2 Bb7 18. a3 Qb6 19. d5 N6e5 20. Nxe5 Nxe5 21. f4 Nc4 22. Qc1 Bd4+ 23. Nxd4 cxd4 24. fxg5 Ne3 25. Bd3 hxg5 26. Rf6 Rad8 27. Qd2 Qc7 28. Rbf1 Qe7 29. R1f2 Kg7 30. Qb4 Nc4 31. Bxc4 bxc4 32. Rxd6 Rfe8 33. Qb6 Rxd6 34. Bxd6 Qxe4 35. Qxb7 Qg6 36. Be7 Qe4 37. Bc5 Qe1+ 38. Rf1 Qxf1+ 39. Kxf1 d3 40. Bd4+ 1-0

[Event "Famalicao op 5th"]
[Site "Famalicao"]
[Date "2017.08.01"]
[Round "5"]
[White "Gomes, Rui Pedro"]
[Black "Duarte, Francisco"]
[Result "1-0"]
[WhiteElo "1731"]
[BlackElo "1205"]
[PlyCount "87"]
[EventDate "2017.07.29"]
[EventType "swiss"]
[EventRounds "9"]
[EventCountry "POR"]
[SourceTitle "EXT 2018"]
[Source "ChessBase"]
[SourceDate "2017.10.13"]
[SourceVersion "1"]
[SourceVersionDate "2017.10.13"]
[SourceQuality "1"]

1. Nf3 d5 2. g3 b6 3. Bg2 Bb7 4. d3 d4 5. c4 e5 6. 0-0 Nd7 7. a3 Ngf6 8. Qa4 Bd6 9. b4 0-0 10. Nbd2 Re8 11. Ng5 Bxg2 12. Kxg2 h6 13. Nge4 Nxe4 14. Nxe4 Nf6 15. Qc6 Nxe4 16. Qxe4 c5 17. Bd2 Qe7 18. b5 a6 19. a4 Qe6 20. g4 Qg6 21. f3 Rf8 22. Qxg6 fxg6 23. h4 Rae8 24. a5 axb5 25. cxb5 Bc7 26. axb6 Bxb6 27. Ra6 Rb8 28. Rb1 Rf6 29. g5 hxg5 30. Bxg5 Re6 31. Kf1 Kf7 32. Ke1 Rd6 33. Kd2 Ke6 34. f4 Rf8 35. Rf1 Rf5 36. Ra8 Kf7 37. fxe5 Re6 38. Rxf5+ gxf5 39. Ra6 Bc7 40. Ra7 Ke8 41. Rxc7 Rxe5 42. b6 Kf8 43. b7 Re8 44. Rc8 1-0

[Event "Famalicao op 5th"]
[Site "Famalicao"]
[Date "2017.07.30"]
[Round "2"]
[White "Guimaraes, Rui"]
[Black "Gomes, Rui Pedro"]
[Result "1/2-1/2"]
[WhiteElo "2144"]
[BlackElo "1731"]
[PlyCount "146"]
[EventDate "2017.07.29"]
[EventType "swiss"]
[EventRounds "9"]
[EventCountry "POR"]
[SourceTitle "EXT 2018"]
[Source "ChessBase"]
[SourceDate "2017.10.13"]
[SourceVersion "1"]
[SourceVersionDate "2017.10.13"]
[SourceQuality "1"]

1. e4 c6 2. Nc3 d5 3. Nf3 dxe4 4. Nxe4 Bg4 5. Bc4 e6 6. h3 Bxf3 7. Qxf3 Nf6 8. Nxf6+ gxf6 9. 0-0 Nd7 10. d4 Bd6 11. b4 Nb6 12. Bb3 Bxb4 13. Rb1 Be7 14. Bb2 Qc7 15. c4 Nd7 16. Qh5 c5 17. d5 e5 18. Ba4 Bd6 19. f4 0-0-0 20. Qxf7 exf4 21. Bxd7+ Rxd7 22. Qxf6 Rf8 23. Qh6 f3 24. Rxf3 Rxf3 25. gxf3 Bh2+ 26. Kh1 b6 27. Re1 Bf4 28. Qe6 Kb7 29. Re4 Rd6 30. Qe7 Rd7 31. Qe8 Rd8 32. Qe6 Rd6 33. Qg4 Bh2 34. Kxh2 Rxd5+ 35. f4 Rd2+ 36. Re2 Rxe2+ 37. Qxe2 Qxf4+ 38. Kh1 Qf5 39. Kg2 Ka6 40. Be5 h5 41. Bg3 Ka5 42. h4 Qb1 43. Kh3 Qf5+ 44. Kh2 Qb1 45. Be1+ Ka4 46. Bf2 Ka3 47. Qxh5 Qxa2 48. Qf3+ Kb4 49. Qf4 Qe2 50. Kg3 a5 51. Qf3 Qxf3+ 52. Kxf3 a4 53. Bg3 Kxc4 54. Ke4 b5 55. h5 b4 56. h6 b3 57. Be5 a3 58. h7 b2 59. h8Q b1Q+ 60. Kf4 a2 61. Qg8+ Kb4 62. Qb8+ Kc4 63. Qg8+ Kd3 64. Qd5+ Ke2 65. Qf3+ Kd2 66. Qc3+ Ke2 67. Qe3+ Kd1 68. Qf3+ Kc2 69. Qe2+ Kb3 70. Qb5+ Ka3 71. Qa5+ Kb3 72. Qb5+ Ka3 73. Qa5+ Kb3 1/2-1/2

[Event "POR-ch semi rapid"]
[Site "Mirandela"]
[Date "2015.11.15"]
[Round "3"]
[White "Silva, Luis Neves Da"]
[Black "Gomes, Rui Pedro"]
[Result "1-0"]
[WhiteElo "2317"]
[BlackElo "1738"]
[PlyCount "43"]
[EventDate "2015.11.15"]
[EventType "tourn (rapid)"]
[EventRounds "7"]
[EventCountry "POR"]
[SourceTitle "CBM 169 Extra"]
[Source "ChessBase"]
[SourceDate "2015.12.18"]
[SourceVersion "1"]
[SourceVersionDate "2015.12.18"]
[SourceQuality "1"]

1. d4 Nf6 2. c4 d6 3. Nc3 Nbd7 4. Nf3 g6 5. e4 e5 6. Be2 Bg7 7. 0-0 0-0 8. Qc2 exd4 9. Nxd4 Ng4 10. Bxg4 Bxd4 11. Rd1 Bg7 12. Be3 Qh4 13. Be2 Bxc3 14. Qxc3 Qxe4 15. Bh6 Ne5 16. Bxf8 Qxe2 17. Re1 Qh5 18. f4 Kxf8 19. fxe5 dxe5 20. Rxe5 Qh6 21. Rae1 Be6 22. Rxe6 1-0

[Event "Famalicao op 2nd"]
[Site "Famalicao"]
[Date "2014.09.01"]
[Round "2"]
[White "Gomes, Rui Pedro"]
[Black "Bray, Daniel Jose Freire"]
[Result "1/2-1/2"]
[WhiteElo "1729"]
[BlackElo "2169"]
[PlyCount "109"]
[EventDate "2014.09.01"]
[EventType "swiss"]
[EventRounds "7"]
[EventCountry "POR"]
[SourceTitle "EXT 2018"]
[Source "ChessBase"]
[SourceDate "2017.10.13"]
[SourceVersion "1"]
[SourceVersionDate "2017.10.13"]
[SourceQuality "1"]

1. Nf3 Nf6 2. g3 g6 3. Bg2 Bg7 4. d3 d5 5. Nbd2 0-0 6. 0-0 Nc6 7. e4 dxe4 8. dxe4 a5 9. h3 e5 10. Re1 Re8 11. a3 a4 12. c3 h6 13. Qc2 Be6 14. Bf1 Na5 15. Bb5 Nb3 16. Nxb3 Bxb3 17. Qe2 c6 18. Bc4 Bxc4 19. Qxc4 Qc8 20. Kg2 b5 21. Qe2 Qe6 22. Nh2 Kh7 23. Ng4 Nd7 24. Rd1 h5 25. Nh6 Nc5 26. Nf5 gxf5 27. Qxh5+ Kg8 28. exf5 Qc4 29. Bh6 Qe4+ 30. f3 Qe2+ 31. Kg1 Bxh6 32. Qxh6 Ne6 33. Rd2 Qc4 34. fxe6 Rxe6 35. Qg5+ Rg6 36. Rd8+ Rxd8 37. Qxd8+ Kg7 38. Kf2 Qc5+ 39. Kg2 Qe3 40. Rf1 Qh6 41. f4 Rd6 42. Qg5+ Qxg5 43. fxg5 Rd3 44. Rf3 Rd1 45. Rf1 Rd3 46. Rf3 Rd5 47. Rf2 Kg6 48. h4 e4 49. g4 Rd1 50. Re2 f5 51. gxf6 Kxf6 52. Kf2 Ke5 53. Re1 Rd2+ 54. Re2 Rd1 55. Re1 1/2-1/2

[Event "Famalicao op 1st"]
[Site "Famalicao"]
[Date "2013.08.30"]
[Round "9.5"]
[White "Gomes, Rui Pedro"]
[Black "Silva, Luis Neves Da"]
[Result "0-1"]
[WhiteElo "1725"]
[BlackElo "2199"]
[PlyCount "84"]
[EventDate "2013.08.26"]
[EventType "swiss"]
[EventRounds "9"]
[EventCountry "POR"]
[SourceTitle "EXT 2015"]
[Source "ChessBase"]
[SourceDate "2014.11.20"]
[SourceVersion "1"]
[SourceVersionDate "2014.11.20"]
[SourceQuality "1"]

1. Nf3 g6 2. g3 Bg7 3. Bg2 c5 4. c4 Nc6 5. Nc3 e6 6. d3 Nge7 7. 0-0 0-0 8. Qc2 b6 9. e3 d5 10. a3 Qd7 11. Rd1 Bb7 12. Ne2 Rac8 13. Bd2 Rfd8 14. Bc3 e5 15. e4 dxc4 16. dxc4 Nd4 17. Bxd4 cxd4 18. Ne1 f5 19. f3 fxe4 20. fxe4 Qe6 21. Rac1 Bh6 22. Nd3 Bxc1 23. Rxc1 Rf8 24. Nf2 Rcd8 25. Qd3 Kg7 26. Rf1 Ng8 27. Bh3 Qe7 28. Qd2 Bc8 29. Bg2 Nf6 30. h3 Rf7 31. g4 Rdf8 32. Ng3 Ne8 33. Nd3 Rxf1+ 34. Bxf1 Nd6 35. b3 Nf7 36. b4 Qh4 37. Kg2 Ng5 38. Nf2 Ne6 39. Nd3 Qf6 40. Kh2 Nf4 41. Ne1 h5 42. gxh5 Nxh5 0-1

[Event "POR-ch U20"]
[Site "Braga"]
[Date "2013.08.07"]
[Round "7.4"]
[White "Fernandes, Afonso Sampaio SP"]
[Black "Gomes, Rui Pedro"]
[Result "1-0"]
[WhiteElo "1791"]
[BlackElo "1725"]
[PlyCount "103"]
[EventDate "2013.08.02"]
[EventType "swiss"]
[EventRounds "7"]
[EventCountry "POR"]
[SourceTitle "EXT 2015"]
[Source "ChessBase"]
[SourceDate "2014.11.20"]
[SourceVersion "1"]
[SourceVersionDate "2014.11.20"]
[SourceQuality "1"]

1. e4 c6 2. Nf3 d5 3. Nc3 dxe4 4. Nxe4 Bg4 5. h3 Bh5 6. g4 Bg6 7. Ng3 Nd7 8. d3 Qc7 9. Bg2 e6 10. h4 h5 11. gxh5 Bxh5 12. Nxh5 Rxh5 13. Ng5 Ngf6 14. Bd2 Bd6 15. Qe2 Nf8 16. Ne4 N8d7 17. Ng5 Nb6 18. 0-0-0 0-0-0 19. Bh3 Re8 20. Rdg1 Kb8 21. Bg4 Rhh8 22. h5 Na4 23. c3 Nd5 24. Kc2 Naxc3 25. Bxc3 Nxc3 26. bxc3 Qa5 27. Qe3 Qa4+ 28. Kb1 Bf4 29. Qc5 b6 30. Qb4 Qxb4+ 31. cxb4 Bxg5 32. Bxe6 f6 33. Bd7 Rd8 34. Bxc6 Rxd3 35. Re1 f5 36. Re5 g6 37. hxg6 Rxh1+ 38. Bxh1 Rd1+ 39. Kc2 Rxh1 40. Re8+ Kb7 41. g7 Rc1+ 42. Kb2 Rg1 43. g8Q Bf6+ 44. Kc2 Rxg8 45. Rxg8 Bd4 46. f3 f4 47. Kd3 Be5 48. Ke4 Bd6 49. b5 a5 50. Rg7+ Kc8 51. Rf7 Kd8 52. Rxf4 1-0

[Event "POR-ch U20"]
[Site "Braga"]
[Date "2013.08.04"]
[Round "3.3"]
[White "Gomes, Rui Pedro"]
[Black "Meireles, Ana Maria Queiros"]
[Result "0-1"]
[WhiteElo "1725"]
[BlackElo "1734"]
[PlyCount "94"]
[EventDate "2013.08.02"]
[EventType "swiss"]
[EventRounds "7"]
[EventCountry "POR"]
[SourceTitle "EXT 2015"]
[Source "ChessBase"]
[SourceDate "2014.11.20"]
[SourceVersion "1"]
[SourceVersionDate "2014.11.20"]
[SourceQuality "1"]

1. Nf3 Nf6 2. c4 d5 3. cxd5 Nxd5 4. g3 g6 5. Nc3 c6 6. Bg2 Bg7 7. a3 Qa5 8. 0-0 0-0 9. Nxd5 cxd5 10. b4 Qb6 11. Rb1 a5 12. Qb3 Qd6 13. d3 Nc6 14. b5 a4 15. Qc2 Ne5 16. Bd2 Nxf3+ 17. Bxf3 Bh3 18. Bb4 Qd7 19. Rfc1 Bh6 20. Rd1 Rfc8 21. Qb2 Rc7 22. Qd4 Be6 23. b6 Rc6 24. Qh4 Bf8 25. Bd2 Qd6 26. Bb4 Qd8 27. Rdc1 Rxb6 28. Bc3 Rxb1 29. Rxb1 Qd7 30. Qd4 f6 31. Rb6 Kf7 32. Qb4 Rb8 33. Rb5 Qc6 34. Rc5 Qd6 35. Qb5 Bd7 36. Qb4 e6 37. Ra5 Qxb4 38. axb4 Rc8 39. Bd2 Rc2 40. Be3 Bxb4 41. Ra7 Bc6 42. Bd4 a3 43. e4 a2 44. Kg2 Bd6 45. exd5 exd5 46. Bd1 Rd2 47. Bb3 Rxd3 0-1

[Event "POR-ch prel"]
[Site "Matosinhos"]
[Date "2012.08.10"]
[Round "7.15"]
[White "Gomes, Rui Pedro"]
[Black "Dias, Ivo Rodrigues"]
[Result "1/2-1/2"]
[WhiteElo "1710"]
[BlackElo "1819"]
[PlyCount "69"]
[EventDate "2012.08.04"]
[EventType "swiss"]
[EventRounds "9"]
[EventCountry "POR"]
[SourceTitle "EXT 2015"]
[Source "ChessBase"]
[SourceDate "2014.11.20"]
[SourceVersion "1"]
[SourceVersionDate "2014.11.20"]
[SourceQuality "1"]

1. e4 c5 2. Nf3 e6 3. d3 Nc6 4. g3 d5 5. Nbd2 Nf6 6. Bg2 Be7 7. 0-0 0-0 8. c3 e5 9. exd5 Nxd5 10. Nc4 f6 11. a4 b6 12. Qb3 Be6 13. Ne3 Qd7 14. Nxe5 Nxe3 15. Nxd7 Bxb3 16. Bxe3 Rfc8 17. c4 Kf7 18. Ra3 Bc2 19. Rc1 Nb4 20. a5 bxa5 21. Bxa8 Rxa8 22. Rxa5 Bxd3 23. Nxc5 Be2 24. Nb7 a6 25. Bc5 Nd3 26. Rc2 Bf3 27. Bxe7 Bxb7 28. Bd6 Re8 29. Ra1 Ne1 30. Rc3 Nf3+ 31. Kg2 Nd2+ 32. Kh3 Ne4 33. Rc2 Nxd6 34. Rd1 Bc8+ 35. Kg2 1/2-1/2

[Event "POR-ch prel"]
[Site "Matosinhos"]
[Date "2012.08.06"]
[Round "3.8"]
[White "Cruz, Jorge Filipe Egas"]
[Black "Gomes, Rui Pedro"]
[Result "1/2-1/2"]
[WhiteElo "2080"]
[BlackElo "1710"]
[PlyCount "101"]
[EventDate "2012.08.04"]
[EventType "swiss"]
[EventRounds "9"]
[EventCountry "POR"]
[SourceTitle "EXT 2015"]
[Source "ChessBase"]
[SourceDate "2014.11.20"]
[SourceVersion "1"]
[SourceVersionDate "2014.11.20"]
[SourceQuality "1"]

1. e4 c6 2. d3 d5 3. Nd2 e5 4. Ngf3 Bd6 5. g3 Nf6 6. Bg2 Nbd7 7. 0-0 0-0 8. a4 dxe4 9. dxe4 b5 10. Qe2 a5 11. Rd1 Ba6 12. Nc4 Bc5 13. Ncxe5 Qc7 14. Nxd7 Nxd7 15. Bf4 Qa7 16. axb5 cxb5 17. e5 b4 18. Qe1 Bb5 19. e6 fxe6 20. Qxe6+ Kh8 21. Ng5 Nf6 22. Be3 Bxe3 23. Qxe3 Ng4 24. Qxa7 Rxa7 25. Rd5 Bc6 26. Rdxa5 Rxa5 27. Rxa5 Bxg2 28. Ne6 Rxf2 29. Nf4 Be4 30. h3 Rxc2 31. hxg4 Rxb2 32. Re5 Bg6 33. Nxg6+ hxg6 34. Rb5 Kg8 35. Rb7 Rb3 36. Kg2 Rb2+ 37. Kg1 b3 38. Kh1 Rb1+ 39. Kg2 Rb2+ 40. Kg1 Ra2 41. Rxb3 Ra4 42. Kg2 Rxg4 43. Rb6 Kh7 44. Ra6 g5 45. Rb6 Rc4 46. Kh3 g6 47. Ra6 Kh6 48. Rb6 Rc3 49. Rb7 Rc5 50. g4 Rc3+ 51. Kg2 1/2-1/2

[Event "POR-ch prel"]
[Site "Matosinhos"]
[Date "2012.08.04"]
[Round "1.11"]
[White "Mateus, Francisco"]
[Black "Gomes, Rui Pedro"]
[Result "1/2-1/2"]
[WhiteElo "2060"]
[BlackElo "1710"]
[PlyCount "77"]
[EventDate "2012.08.04"]
[EventType "swiss"]
[EventRounds "9"]
[EventCountry "POR"]
[SourceTitle "EXT 2015"]
[Source "ChessBase"]
[SourceDate "2014.11.20"]
[SourceVersion "1"]
[SourceVersionDate "2014.11.20"]
[SourceQuality "1"]

1. e4 c6 2. d4 d5 3. exd5 cxd5 4. Bd3 Nf6 5. c3 Nc6 6. Bf4 Bg4 7. Qb3 Qc8 8. Nd2 a6 9. Ngf3 e6 10. 0-0 Be7 11. Rfe1 0-0 12. Ne5 b5 13. Nxc6 Qxc6 14. h3 Bh5 15. a4 b4 16. Rec1 Rfc8 17. cxb4 Qxc1+ 18. Rxc1 Rxc1+ 19. Kh2 Bd1 20. Qa3 a5 21. b3 Rac8 22. Nc4 Rc3 23. Qa1 Rxd3 24. Ne5 Rxb3 25. Qxd1 Rxb4 26. Qd3 Rxa4 27. Qa6 Re8 28. Qa7 Ra2 29. Nc6 Bf8 30. f3 a4 31. Ne5 Re7 32. Qa8 h6 33. Bc1 Rc7 34. Bf4 Rcc2 35. Qb7 Rxg2+ 36. Kh1 Kh7 37. Qxf7 Rge2 38. Qg6+ Kg8 39. Qf7+ 1/2-1/2